| 000 | 00479cam a22002054a 4500 | ||
|---|---|---|---|
| 005 | 20250605164332.0 | ||
| 008 | 250528s ||||||||||||||||||||||||d | ||
| 035 | _a23291 | ||
| 020 | _a1843981017 | ||
| 040 |
_aGR-AtMCL _bgre _dGR-AtMCL _eAACR2 |
||
| 245 | 1 | _aManaging performance | |
| 250 | _a1st | ||
| 260 |
_bCipd, _c2006 |
||
| 300 | _a182 | ||
| 700 | 1 |
_aArmstrong Michael _91244 |
|
| 700 | 1 |
_aBaron Angela _96684 |
|
| 942 | _cBK | ||
| 999 |
_c8318 _d8318 |
||